000 00919nas a2200229 a 4500
001 29430
003 AR-BaAGN
005 20231116150001.0
007 ta
008 220701s1950 ag |||p|r||||f|||||0spa d
040 _aAR-BaAGN
_bspa
_eaacr
110 2 _aComisión Nacional de Cultura
245 1 0 _aGuía Quincenal de la Actividad Intelectual y Artística Argentina.
260 _aBuenos Aires :
_b[editor no identificado],
_c1950.
300 _a[84] páginas :
_bil., fotos
336 _2rdacontent
_btxt
337 _2rdamedia
_bn
338 _2rdacarrier
_bnc
520 _aEduardo Wilde. Conferencias. Valores de hoy en la cultura argentina: Pedro I. Caraffa. Música: Clementino del Ponte. Teatro. Teatros vocacionales. Teatro en el interior. Artes Plásticas: Ramón Silva. Bibliografía. Coreografía. Cinematográficas. Noticioso de la Comisión Nacional de Cultura
942 _cREVISTA
999 _c29430
_d29430